PODMANICKÝ, Ladislav (Podmaniczky, Podmanínsky) krajinský hodnostár (okolo 1420 - pred 14. 5. 1489)

Bibliographic Details
Format: Article
Language:Slovak
ISBN:8070900709 viaz
Subjects:

MARC

LEADER 00000naa a2200000uu 4500
001 vtls010922974
003 SK-MaSNL
005 20260302131451.0
008 220808|1990 xo |||||||||||||||||slo|
015 |a SNBRA 
035 |a (urnnbn)urn:nbn:sk:snk:ar-a0d1e5 
035 |a (uuid)6d0fba46-ddde-48fb-82d8-c56f51f4250c 
035 |a urn:nbn:sk:snk-aatq3m 
040 |a SNKBUCL  |b slo  |c SNKBUCL  |e AACR2 
041 0 |a slo 
044 |a xo  |c SK 
245 0 0 |a PODMANICKÝ, Ladislav (Podmaniczky, Podmanínsky)  |b krajinský hodnostár (okolo 1420 - pred 14. 5. 1489) 
655 7 |a biografické heslá  |2 SNKPH  |9 368942 
773 0 |t Slovenský biografický slovník : (od roku 833 do roku 1990). IV. zväzok, M-Q  |d Martin : Matica slovenská, 1990  |g S. 498  |z 8070900709 viaz 
954 |a odborná, vedecká literatúra pôvodná (slovenská)  |2 lita 
958 |a BX 
958 |a OND 
958 |a chapter 
958 |a article25 
999 |c 1307613  |d 1309543